[Event "Kiel Cup U18"]
[Site "Kiel"]
[Date "2008.10.18"]
[Round "6.13"]
[White "Ewudzie, Brian"]
[Black "Zessin, Bjoern"]
[Result "0-1"]
[WhiteElo "906"]
[BlackElo "1050"]
[PlyCount "88"]
[EventDate "2008.10.16"]
[EventType "team-swiss"]
[EventRounds "7"]
[EventCountry "GER"]
[SourceTitle "EXT 2011"]
[Source "ChessBase"]
[SourceDate "2010.11.26"]
[SourceVersion "1"]
[SourceVersionDate "2010.11.26"]
[SourceQuality "1"]

1. d4 d5 2. Nf3 Nf6 3. Bf4 Nc6 4. e3 Bf5 5. Bb5 a6 6. Ba4 b5 7. Bb3 Na5 8. Nbd2 Nxb3 9. axb3 e6 10. c3 Nh5 11. 0-0 Nxf4 12. exf4 Bd6 13. Re1 Bxf4 14. Nf1 Qf6 15. Ne5 h5 16. Qf3 Be4 17. Qe2 h4 18. h3 Bxe5 19. dxe5 Qg6 20. Ne3 Bf5 21. Nxf5 Qxf5 22. Rad1 Qh5 23. Qd2 Rh6 24. Qe2 Qxe2 25. Rxe2 g5 26. Rd4 c5 27. Rg4 Rg6 28. Kh2 Ke7 29. g3 Rh8 30. f3 hxg3+ 31. Rxg3 f5 32. exf6+ Kxf6 33. Rg4 Rh4 34. Rg3 Kf5 35. Rg4 Rxg4 36. fxg4+ Kf6 37. Kg3 Rh6 38. Re3 d4 39. cxd4 cxd4 40. Re4 e5 41. Re2 Ke6 42. Re1 Kd5 43. Ra1 Ke4 44. h4 gxh4+ 0-1

[Event "Schleswig Holstein-ch U14 VM"]
[Site "Neumuenster"]
[Date "2008.03.25"]
[Round "2"]
[White "Winter, Hauke"]
[Black "Ewudzie, Brian"]
[Result "1-0"]
[WhiteElo "1015"]
[BlackElo "815"]
[PlyCount "73"]
[EventDate "2008.03.24"]
[EventType "swiss"]
[EventRounds "9"]
[EventCountry "GER"]
[SourceTitle "EXT 2009"]
[Source "ChessBase"]
[SourceDate "2008.11.26"]
[SourceVersion "1"]
[SourceVersionDate "2008.11.26"]
[SourceQuality "1"]

1. e4 e5 2. Nf3 Nc6 3. Bb5 Nf6 4. d3 Bc5 5. Bg5 d6 6. Nc3 h6 7. Bh4 Bg4 8. h3 Bh5 9. g4 Bg6 10. d4 exd4 11. Nxd4 a6 12. Nxc6 bxc6 13. Bxc6+ Ke7 14. Bxa8 Qxa8 15. Qd5 Qc8 16. e5 Qd7 17. exf6+ gxf6 18. 0-0-0 Re8 19. Rde1+ Kf8 20. Rxe8+ Qxe8 21. f4 Be3+ 22. Kd1 Bxf4 23. Bxf6 c6 24. Qd4 c5 25. Qxf4 Qe6 26. Qxh6+ Ke8 27. Re1 Bxc2+ 28. Kxc2 Qxe1 29. Qh8+ Kd7 30. Qd8+ Kc6 31. Qc8+ Kb6 32. Bd8+ Ka7 33. Qc7+ Ka8 34. Qc6+ Ka7 35. Bb6+ Kb8 36. Qc7+ Ka8 37. Qc8# 1-0